MARC

LEADER 00000nas a2200000 a 4500
001 ssj0000970566
003 WaSeSS
005 20200512172242.0
006 m d
007 cr n
008 950427c19939999rm ar s 0 b0eng c
010 |a  95656025  
022 |l 1223-5334  |y 1223-5334 
035 |a (WaSeSS)ssj0000970566 
040 |a YAM  |b eng  |c YAM  |d DLC  |d IUL  |d DLC  |d EYM  |d OCLCQ  |d DLC  |d OCLCQ  |d OCLCF  |d OCLCO  |d OCLCQ  |d OCLCA  |d WaSeSS 
041 0 |a eng  |a fre  |b rum 
042 |a pcc 
043 |a e-rm--- 
050 0 0 |a G1  |b .A467 
245 0 0 |a Analele științifice ale Universității "Al. I. Cuza" din Iași.  |n Serie nouă.  |p Geografie  |h [electronic resource]. 
246 3 0 |a Geografie 
260 |a Iași :  |b Editura Universității,  |c 1994- 
310 |a Annual 
362 0 |a Tomul 38-39 (1992-1993)- 
506 |a License restrictions may limit access. 
515 |a Some vols. issued in combined form. 
525 |a Supplements accompany some numbers. 
546 |a In English or French, with summaries in Romanian. 
650 0 |a Geography  |v Periodicals. 
650 7 |a Geography.  |2 fast  |0 (OCoLC)fst00940469 
651 0 |a Romania  |x Geography  |v Periodicals. 
651 7 |a Romania.  |2 fast  |0 (OCoLC)fst01205085 
655 0 |a Electronic journals. 
710 2 |a Universitatea "Al. I. Cuza" din Iași. 
780 0 0 |t Analele științifice ale Universității "Al. I. Cuza" din Iași. Serie nouă. Secțiunea II c, Geografie (1991)  |w (DLC)sn 95033644  |w (OCoLC)33156973 
850 |a DLC 
856 4 0 |z Full text available from Research Library: 01/01/2007 to 12/31/2016  |u https://search.proquest.com/publication/1766343 
856 4 0 |z Full text available from Research Library: 01/01/2018 to present  |u https://search.proquest.com/publication/1766343